El oeste bárbaro 400-1000 /
Guardado en:
| Autor Principal: | |
|---|---|
| Formato: | Libro |
| Publicado: |
Buenos Aires :
Eudeba,
1966
|
| Edición: | 2 |
| Series: | Lectores, 20
|
| Materias: | |
| Etiquetas: |
Agregar Etiqueta
Sin Etiquetas, Sea el primero en etiquetar este registro!
|
| LEADER | 00587nam a22002295a 4500 | ||
|---|---|---|---|
| 001 | CEM.cems006613 | ||
| 005 | 20060214000000.0 | ||
| 008 | 130507s1966##################000#0#####d | ||
| 003 | CEMS | ||
| 082 | 0 | 4 | |a 940 |
| 100 | 1 | |a Wallace Hadrill, J. M. | |
| 245 | 1 | 0 | |a El oeste bárbaro 400-1000 / |
| 250 | |a 2 | ||
| 260 | |a Buenos Aires : |b Eudeba, |c 1966 | ||
| 300 | |a 218 | ||
| 490 | 0 | |a Lectores, 20 | |
| 653 | |a Francos | ||
| 653 | |a Historia | ||
| 653 | |a Historia de europa | ||
| 653 | |a Imperio cristiano | ||
| 653 | |a Lombardos | ||
| 859 | |a CEMS |b BIB. CEMS - 11 de abril |h 940 |i W155a2 |p 5946.77 |t Ej.1 | ||
